| 000 | 00547nam a2200181Ia 4500 | ||
|---|---|---|---|
| 003 | GCL | ||
| 008 | 140319s9999 xx 000 0 eng d | ||
| 040 |
_aGCL / _cGCL |
||
| 082 | 0 | 4 |
_a155.92 _bW C |
| 100 | 1 | _aWAHBA, MOURAD | |
| 245 | 1 | 0 |
_aCULTURES IN CONFLICT OR IN DIALOGUE? PROCEEDINGS OF 2RD AFRO-ASIAN PHITIOSPHY CONFERANCE, CAIRO, 31 OCTOBER - 3 NOVEMBER, 1990 / _cWAHBA, MOURAD |
| 260 |
_a[S.N] : _bNO SERES ، _c1991 |
||
| 300 | _a246 P | ||
| 650 | 0 | 4 | _aPHILOSOPHY |
| 650 | 0 | 4 | _aCULTURE |
| 650 | 0 | 4 | _aHUMAN ACHIEVEMENT |
| 942 |
_2ddc _cBK |
||
| 999 |
_c20660 _d20660 |
||